Library of the University of Algiers 3
Ibrahim Sultan Cheibout
شعار جامعة الجزائر 3
مكتبة جامعة الجزائر 3
إبراهيم سلطان شيبوط

التمويل الدولي / (رقم التسجيلة. 45640)

تفاصيل مارك
000 -LEADER
fixed length control field 01361nam a2200229Ia 4500
003 - CONTROL NUMBER IDENTIFIER
control field Ost
005 - DATE AND TIME OF LATEST TRANSACTION
control field 20260507075653.0
008 - FIXED-LENGTH DATA ELEMENTS--GENERAL INFORMATION
fixed length control field 260507s9999||||xx |||||||||||||| ||und||
040 ## - CATALOGING SOURCE
Transcribing agency fsecg
041 ## - LANGUAGE CODE
Language code of text/sound track or separate title ara
082 ## - DEWEY DECIMAL CLASSIFICATION NUMBER
Classification number 332.673
100 ## - MAIN ENTRY--PERSONAL NAME
Personal name خلف، فليح حسن
Relator term مؤلف
245 #0 - TITLE STATEMENT
Title التمويل الدولي /
Statement of responsibility, etc. فليح حسن خلف
260 ## - PUBLICATION, DISTRIBUTION, ETC.
Place of publication, distribution, etc. عمان:
Name of publisher, distributor, etc. مؤسسة الوراق للنشر والتوزيع,
Date of publication, distribution, etc. 2004
300 ## - PHYSICAL DESCRIPTION
Extent 369 صفحة؛
Other physical details إيضاحات ؛
Dimensions 24 سم
504 ## - BIBLIOGRAPHY, ETC. NOTE
Bibliography, etc. note المراجع ص. 368
520 ## - SUMMARY, ETC.
Summary, etc. ماهية التمويل الدولي وأهميته- نشأته وتطوره التاريخي- سعر الصرف والتمويل الدولي- ميزان المدفوعات والتمويل الدولي- اختلال وتوازن ميزان المدفوعات- دوافع التمويل الدولي وآثاره ومصادره- أشكال التمويل الدولي- المنح والمساعدات الرسمية- نظام النقد والتمويل الدولي- الإستثمار الاجنبي- واقع عمل وإدارة مؤسسات التمويل الدولي- سياستها وأثارها- مشكلات النظام النقدي الدولي.
653 ## - INDEX TERM--UNCONTROLLED
Uncontrolled term الإستثمارات
653 ## - INDEX TERM--UNCONTROLLED
Uncontrolled term الإقتصاد الدولي
653 ## - INDEX TERM--UNCONTROLLED
Uncontrolled term التمويل الدولي
942 ## - ADDED ENTRY ELEMENTS (KOHA)
Koha item type كتب

لا توجد مواد متاحة.

موارد الويب المفتوحة


© University of Algiers 3 All Rights Reserved
|
Implemented by LECHELAH Riad